How to market professional design services. (2nd ed.) (Record no. 76381)

MARC details
000 -LEADER
fixed length control field 00803nam a2200193 a 4500
008 - FIXED-LENGTH DATA ELEMENTS--GENERAL INFORMATION
fixed length control field 120416s1983 ||||||||||||||||| || u
020 ## - INTERNATIONAL STANDARD BOOK NUMBER
International Standard Book Number 0070328021
050 ## - LIBRARY OF CONGRESS CALL NUMBER
Classification number NA 1996 Jon
100 ## - MAIN ENTRY--PERSONAL NAME
Personal name Jones, Gerre L., 1926-
245 10 - TITLE STATEMENT
Title How to market professional design services. (2nd ed.)
250 ## - EDITION STATEMENT
Edition statement 2nd ed.
260 ## - PUBLICATION, DISTRIBUTION, ETC.
Place of publication, distribution, etc. New York :
Name of publisher, distributor, etc. McGraw-Hill
Date of publication, distribution, etc. 1983
300 ## - PHYSICAL DESCRIPTION
Extent xi, 338 pages : illustrations
350 ## -
-- 0.00
650 ## - SUBJECT ADDED ENTRY--TOPICAL TERM
Topical term or geographic name entry element DESIGN
650 ## - SUBJECT ADDED ENTRY--TOPICAL TERM
Topical term or geographic name entry element ENGINEERING SERVICES MARKETING
995 ## -
-- ANNEX COLLECTION (Main Library)
-- 0.00
-- 712300
-- CBU-MAIN LIBRARY (Kitwe)
-- 1
-- 27.50
-- NA 1996 Jon
-- 1
-- AVAILABLE
-- 010160
-- Annex Low-Usage Collection
995 ## -
-- ANNEX COLLECTION (Main Library)
-- 0.00
-- 712085
-- CBU-MAIN LIBRARY (Kitwe)
-- 2
-- 27.50
-- NA 1996 Jon
-- 2
-- AVAILABLE
-- 010161
-- Annex Low-Usage Collection
999 ## -
-- 76381
-- 76381
Holdings
Withdrawn status Lost status Source of classification or shelving scheme Damaged status Not for loan Permanent Location Current Location Shelving location Date acquired Total Checkouts Full call number Barcode Date last seen Copy number Price effective from Koha item type
          CBU-MAIN LIBRARY, KITWE. CBU-MAIN LIBRARY, KITWE.   04/25/2023   NA 1996 Jon 010160 04/25/2023 1 04/25/2023 MONOGRAPH
          CBU-MAIN LIBRARY, KITWE. CBU-MAIN LIBRARY, KITWE.   04/25/2023   NA 1996 Jon 010161 04/25/2023 2 04/25/2023 MONOGRAPH